000 00455pab a2200169 454500
008 180718b2005 xxu||||| |||| 00| 0 eng d
100 _aBhate, Kamaxi
245 _aPreventive and social medicine: practitioner's review of gender content
260 _c2005
300 _ap.1870-875.
362 _a30 Apr
650 _aWomen
650 _aMedical education
700 _aAcharya, Shrikala
773 _aEconomic and Political Weekly
909 _a64914
999 _c64914
_d64914